Spatial Heterogeneity and Spillovers of Employment in the EU Regions

Zameranie na problém zamestnanosti v kontexte regiónov EÚ. Výsledky odhalili priestorovú nestabilitu odhadovaných parametrov počas dvoch režimov. Priestorové regionálne prepojenia v rámci oboch režimov boli potvrdené. Štatistická významnosť vedľajších účinkov uvažovaných faktorov zamestnanosti pouka...

Full description

Saved in:
Bibliographic Details
Main Author: Chocholatá, Michaela, 1977-
Other Authors: Furková, Andrea, 1975-
Format: Book Chapter
Language:English
Subjects:
Tags: Add Tag
No Tags, Be the first to tag this record!

MARC

LEADER 00000naa a2200000 4500
001 0298010
005 20240502084005.2
041 0 |a eng 
044 |a HR 
245 1 0 |a Spatial Heterogeneity and Spillovers of Employment in the EU Regions  |c Michaela Chocholatá, Andrea Furková 
520 |a Zameranie na problém zamestnanosti v kontexte regiónov EÚ. Výsledky odhalili priestorovú nestabilitu odhadovaných parametrov počas dvoch režimov. Priestorové regionálne prepojenia v rámci oboch režimov boli potvrdené. Štatistická významnosť vedľajších účinkov uvažovaných faktorov zamestnanosti poukazuje na veľký význam priestorových presahov. 
610 2 0 |a miera zamestnanosti 
610 2 0 |a zamestnanosť 
610 2 0 |a regióny 
610 2 0 |a Európska únia 
610 2 0 |a rozdiely regionálne 
610 2 0 |a korelácia 
610 2 0 |a priestor 
100 1 |a Chocholatá, Michaela, 1977- 
700 1 |a Furková, Andrea, 1975-